00229nam a2200097Ia 4500008004100000082001400041100002100055245002400076260001800100600001300118241002s9999 xx 000 0 und d a297.1 SCH aSchvon, Frithjof 0aUnderstanding Islam aLondon:c1961 aReligion